| 000 | 00991nam a22003257a 4500 | ||
|---|---|---|---|
| 003 | CHAP | ||
| 005 | 20220817042153.0 | ||
| 008 | 971013s1969 r 00010 d | ||
| 010 | _a36626 | ||
| 011 | _a37598 | ||
| 035 | _a41718 | ||
| 040 | _cCHAP | ||
| 090 | _aFolleto 3500 | ||
| 110 | _aFAO | ||
| 245 | _aEliminación del desequilibrio proteínico | ||
| 260 |
_aRoma : _bFAO, _c1969 |
||
| 300 | _a12 p. | ||
| 590 |
_aBATCH-UPD _b10 _c20130109 _lUCH01 _h2329 |
||
| 590 |
_aBATCH-UPD _b10 _c20130110 _lUCH01 _h1756 |
||
| 590 |
_aBATCH-UPD _b10 _c20130409 _lUCH01 _h1854 |
||
| 590 |
_aBATCH-UPD _b10 _c20130410 _lUCH01 _h1133 |
||
| 590 |
_aBATCH-UPD _b10 _c20130914 _lUCH01 _h1843 |
||
| 590 |
_aCONVERSION _b10 _c20130109 _lUCH01 _h1320 |
||
| 650 | 1 | 4 |
_aNutrición. _982246 |
| 650 | 1 | 4 |
_aProteínas en nutrición humana. _992457 |
| 901 | _aBK | ||
| 942 | _cFOLL | ||
| 949 |
_aFolleto 3500 _bBC _cFAO _d-95905 _eFAO1 _i41718 _mD _si |
||
| 949 |
_aFolleto 3500 _bBC _cFAO _d-95906 _eFAO2 _fc.2 _i41718 _mD _si |
||
| 999 |
_c36626 _d36626 |
||